Marvel quotes #1 - Statistics

General Stats
  • This quiz has been taken 398 times
    394 since last reset
  • The average score is 16 of 45
Answer Stats
Hint answer % Correct
we have a hulk Tony
89%
I am Iron Man Iron Man
87%
Puny God Hulk
70%
I'm in the middle of an interrogation, and this moron is giving me everything natasha
69%
That's my secret cap, I'm always angry Bruce Banner
67%
Hulk...SMASH Hulk
66%
I have an army Loki
65%
Big man in a suit of armor. Take that away and what are you? Captain america
64%
Yeah I've knocked out adolf hitler over 200 times Captain america
61%
Your mother has forbidden your return. This is goodbye, brother. I'm so sorry Loki
61%
Doth Mother Know you weareth her drapes Tony Stark
61%
Those cards were in Coulson's locker, not his Jacket Maria hill
59%
You've been asleep cap. for almost seventy years.....You gonna be okay? Nick fury
55%
I'm here to talk to you about the avenger initiative Nick fury
53%
Sir, I'm gonna have to ask you to exit the donut. Nick fury
47%
That man is playing Galaga! Thought we wouldn't notice, but we did Tony stark
47%
He killed 80 People in the last two days Natasha
45%
I was having 12% of a moment Pepper potts
35%
Huh....Your fired Tony Stark
35%
What if I told you we were putting a team together Tony stark
35%
Just call us shield Phil Coulson
34%
Superheroes in New York!? Give me a break Stan Lee
34%
strategic homeland intervention, enforcement and logistics division Phil Coulson
32%
Tony stark was able to build this in a cave! with a box of scraps! Obadiah
31%
So that's what it does Phil Coulson
28%
You would defy loki, our king, break every oath you sword as asgardian warriors and commit treason by bringing thor back Heimdall
24%
I lost both kids in the divorce Tony Stark
22%
I thought you were smaller Bucky
21%
are those bullet holes Pepper Potts
19%
A week, really? What's your social security number? Pepper Potts
18%
You can't kill an entire race Thor
16%
It means you can either drive yourself home or I can have you collected Natasha/Black widow
15%
Well then skip the spinning rims, we're on the clock Tony stark
15%
What your father did to my family over 40 years, I will do to you in 40 minutes Ivan
14%
Don't make me hungry. you wouldn't like me when I'm hungry Bruce Banner
13%
The barrier is pure energy. It's unbreachable Jarvis
13%
I'm not kissing you Colonel Phillips
9%
what makes you so special Red skull
9%
I don't blow on a man's dice Rhodes
7%
If I had been that drunk, I wouldn't have been able to stand, let alone give a lecture on a intergrated circuits Yinsen
5%
Just downloaded like thirty songs onto there Darcy
4%
Do not mistake my appetite for apathy Volstagg
4%
Give me a REAL fight Abomination
3%
You zip it. we're walking Betty Ross
2%
Pissed off, and ready for round three Emil Blonsky
1%
No matching quizzes found
Score Distribution
Percent of People with Each Score
Percentile by Number Answered
Your Score History
You have not taken this quiz since the last reset